000 00182 a2200097 4500
020 _a071009007505
041 _aeng
100 _aLeonard, Elmore
245 _aCuba libre
942 _cBK
999 _c31350
_d31348